The effectiveness of therapeutic play on pro-social behavior of 10-12 year old boys /
محفوظ في:
| المؤلف الرئيسي: | |
|---|---|
| التنسيق: | أطروحة كتاب |
| اللغة: | English |
| منشور في: |
2009.
|
| الموضوعات: | |
| الوسوم: |
إضافة وسم
لا توجد وسوم, كن أول من يضع وسما على هذه التسجيلة!
|
| LEADER | 01311cam a2200313 a 4500 | ||
|---|---|---|---|
| 001 | u785252 | ||
| 003 | SIRSI | ||
| 005 | 201001211555 | ||
| 008 | 100121s2009 my a t 000 0 eng m | ||
| 040 | |a UMM | ||
| 043 | |a a-my--- | ||
| 090 | |a LB1027.5 |b UM 2009 Sud | ||
| 100 | 0 | |a Sudha Madhav Kudva, |e author. | |
| 245 | 1 | 4 | |a The effectiveness of therapeutic play on pro-social behavior of 10-12 year old boys / |c Sudha Madhav Kudva. |
| 264 | 1 | |c 2009. | |
| 264 | 4 | |c 2009. | |
| 300 | |a ix, 196 leaves : |b illustrations, ; |c 30 cm. | ||
| 336 | |a text |2 rdacontent | ||
| 337 | |a unmediated |2 rdamedia | ||
| 338 | |a volume |2 rdacarrier | ||
| 502 | |b M.Couns. |c Jabatan Psikologi Pendidikan dan Kaunseling, Fakulti Pendidikan Universiti Malaya |d 2009. | ||
| 504 | |a Bibliography: leaves 149-153. | ||
| 650 | 0 | |a Play therapy |z Malaysia |v Case studies. | |
| 650 | 0 | |a Children |x Counseling of |z Malaysia. | |
| 710 | 2 | |a Universiti Malaya. |b Jabatan Psikologi Pendidikan dan Kaunseling, |e degree granting institution. | |
| 900 | |a AT-ZA | ||
| 596 | |a 1 8 | ||
| 999 | |a LB1027.5 UM 2009 SUD |w LC |c 1 |i A513724939 |d 14/3/2020 |e 14/3/2020 |f 22/10/2013 |g 1 |l STACKS |m P01UTAMA |n 3 |r Y |s Y |t TESIS |u 17/10/2013 | ||
| 999 | |a LB1027.5 UM 2009 SUD |w LC |c 1 |i A517251973 |d 19/2/2019 |e 19/2/2019 |f 11/1/2019 |g 1 |l STACKS |m P08PENDIDI |n 1 |q 3 |r Y |s Y |t TESIS |u 11/1/2019 |1 AHSS | ||
